Méthodes booléennes en recherche opérationnelle /
Guardado en:
| Autor Principal: | |
|---|---|
| Otros Autores: | |
| Formato: | Libro |
| Idioma: | French English |
| Publicado: |
Paris :
Dunod,
1970.
|
| Etiquetas: |
Agregar Etiqueta
Sin Etiquetas, Sea el primero en etiquetar este registro!
|
| LEADER | 00908cam a22002055a 4500 | ||
|---|---|---|---|
| 001 | MAT.inmabb002215 | ||
| 008 | 700423s1970####fr#a#####b####001#0#fre#d | ||
| 005 | 20160614131011.0 | ||
| 245 | 1 | 0 | |a Méthodes booléennes en recherche opérationnelle / |c Peter L. Hammer (Ivanescu), Sergiu Rudeanu ; préface du Prof. Richard Bellman ; traduit par Étienne Fouquet. |
| 260 | |a Paris : |b Dunod, |c 1970. | ||
| 300 | |a xviii, 378 p. : |b il. ; |c 25 cm. | ||
| 500 | |a Traducción de: Boolean methods in operations research and related areas. Berlin : Springer, 1968. | ||
| 504 | |a Bibliografía: p. [353]-369. | ||
| 510 | 4 | |a MR, |c 38 #4132 |3 (de la ed. original en inglés) | |
| 100 | 1 | |a Hammer, P. L., |d 1936- | |
| 240 | 1 | 0 | |a Boolean methods in operations research and related areas. |l Francés |
| 700 | 1 | |a Rudeanu, Sergiu. | |
| 084 | |a 94C10 (90C09 90C10 05Cxx) |2 msc2000 | ||
| 041 | 1 | |a fre |h eng | |
| 859 | |h 94 |i H224 |p A-3886 |b BIB. MATEMATICA | ||
